| 000 | 00702nam a22001817a 4500 | ||
|---|---|---|---|
| 003 | BD-DhUL | ||
| 005 | 20161030142225.0 | ||
| 008 | 161030s1971 ii ||||| |||| 00| 0 eng d | ||
| 040 |
_cBD-DhUL _dBD-DhUL |
||
| 082 |
_a891.443 _bSHB |
||
| 100 | _aচট্টোপাধ্যায়, শক্তি | ||
| 245 | 1 | 0 |
_aবাংলাদেশের সাম্প্রতিক গল্প / _cশক্তি চট্টোপাধ্যায় |
| 260 |
_aকলিকাতা : _bবিশ্ববাণী প্রকাশনী, _c১৯৭১। |
||
| 300 | _a ৪৮৩ পৃ. | ||
| 650 | 0 | _aবাংলা উপন্যাস | |
| 650 | 0 | _aBengali novel | |
| 942 |
_2ddc _cBK |
||
| 999 |
_c117047 _d117047 |
||